000
00241nam a22000857a 4500
008
241109b ||||| |||| 00| 0 eng d
100
_a
Bohne, Werner M
245
_a
German Philatelic Society - 20th Anniversary
650
_a
German Philatelic Society
999
_c
3629
_d
3629